| 000 | 00440nam a2200193Ia 4500 | ||
|---|---|---|---|
| 008 | 210210b2011 xxu||||| |||| 00| 0 eng d | ||
| 020 | _a9789380902623 | ||
| 041 | _aeng | ||
| 082 | _a641.1 CHAF | ||
| 100 | _aCHANDNA (Rati Sagar) | ||
| 245 | _aFood and nutrition | ||
| 260 |
_aJaipur _bAadi Publications _c2011 |
||
| 300 | _avi,257 | ||
| 650 | _anutrition | ||
| 650 | _aFood | ||
| 650 | _aand | ||
| 690 | _aFood | ||
| 906 | _a067894 | ||
| 999 |
_c150923 _d150923 |
||